| 000 | 00448nam a2200181Ia 4500 | ||
|---|---|---|---|
| 001 | 18324 | ||
| 005 | 20260306171622.0 | ||
| 008 | 260306s9999||||xx |||||||||||||| ||und|| | ||
| 041 | _aESP | ||
| 082 |
_a658.403 _bH54 |
||
| 100 |
_aHillier, Frederick S. _eAUT |
||
| 245 | 0 | _aMétodos cuantitativos para administración | |
| 260 | _c2008 | ||
| 300 |
_axx, 602 páginas : _c27 cm. |
||
| 650 | _aGEN | ||
| 654 | _aCAN | ||
| 942 |
_cLIB _dJUS _fJUS _2ddc _n |
||
| 999 |
_c18324 _d18324 |
||